| 000 | 00376nam a22001457a 4500 | ||
|---|---|---|---|
| 003 | OSt | ||
| 020 | _a9780241370148 | ||
| 082 |
_a658.8 _bGOT |
||
| 100 | _aGODIN, Seth | ||
| 245 | _aThis is Marketing : You Can't be Seen Until You Learn to See | ||
| 260 |
_aGreat Britain: _bPenguin Random House, _c2018. |
||
| 300 | _axvi,266p. | ||
| 650 | _aGeneral Books | ||
| 942 |
_2ddc _cREF |
||
| 999 |
_c12770 _d12770 |
||